| 000 | 00598nam a2200193 i 4500 | ||
|---|---|---|---|
| 001 | 75930 | ||
| 003 | ES-MaACL | ||
| 007 | t| | ||
| 008 | 040928s1984 sp ||||1| spa d | ||
| 100 | 0 |
_aGrinberg, León, _d1916-2002 _960064 |
|
| 245 | 1 | 0 |
_aPsicoanálisis de la migración y del exilio / _cLeón Grinberg y Rebeca Grinberg. |
| 260 |
_aMadrid : _bAlianza, _c[1984] |
||
| 300 |
_a274 p. ; _c18 cm. |
||
| 490 | 1 | _aEl libro de bolsillo | |
| 700 | 1 |
_aGrinberg, Rebeca. _960065 |
|
| 830 | 0 | 3 |
_aEl libro de bolsillo _9177802 |
| 852 |
_aES-MaACL _jL-6650 _bR.107441 |
||
| 999 |
_c75930 _d75930 |
||